| 000 | 00973cam a22002655a 4500 | ||
|---|---|---|---|
| 001 | L159650 | ||
| 008 | 150226s2017 xxk f 000 0 eng d | ||
| 035 | _a(Sirsi) u159650 | ||
| 041 | 0 | _aeng | |
| 100 | 1 | _aBrister, Andrew | |
| 245 | 0 | 0 | _aMeet the surveyor of the future... recognise yourself in there? |
| 260 | _c2017 | ||
| 490 |
_aModus _vJuly-August 2017, 14-22 (9) |
||
| 520 | _aMeet the drone-flying, BIM-using, forward-thinking, user-experiencing, dog-walking, ar-dwelling, blockchaining, continually training, scenario-designing, wax jacket-wearing, value-addind, data-wrangling, change-embracing surveyor of the future. Panel of experts comments the future of the surveying profession. | ||
| 590 | _aKA | ||
| 650 | 2 | 4 | _aSURVEYING |
| 650 | 2 | 4 | _aAUGMENTED REALITY |
| 650 | 2 | 4 | _aDRONE |
| 650 | 2 | 4 | _aBLOCKCHAIN |
| 650 | 2 | 4 |
_aBIM _96219 |
| 690 | _aFUTURE OF THE PROFESSION | ||
| 700 | 1 | _aCousins, Stephen | |
| 700 | 1 | _aWatson, Stuart | |
| 942 |
_n0 _2ddc |
||
| 999 |
_c84890 _d84890 |
||